La tecnología nuclear en la técnica espacial /

Obra en la que se estudia la posibilidad del uso de la energía nuclear en la navegación espacial. Contenido: 1) La máquina de impulsión; 2) El sistema automático de corrección del rumbo; 3) El módulo generador de la energía; 5) Cálculo de la masa de combustible consumido; 6) Maniobra de puesta en ór...

Descripción completa

Guardado en:
Detalles Bibliográficos
Autor principal: Romay Torroba, Antonio (autor)
Formato: Libro
Idioma:Español
Publicado: Madrid, España : Luna, 2000, c2000
Temas:
Etiquetas: Agrega una etiqueta
Sin etiquetas, Sé el primero en etiquetar este registro!

MARC

LEADER 00000nam^a2200000^a^4500
001 000195223
005 20250521000000.0
009 20260310102746.096
020 |a 84-86618-10-X 
037 |a Acervo ITESO - Biblioteca 
041 |a ESP 
082 |a 629. 4753  |b ROM 
100 |a Romay Torroba, Antonio  |e (autor) 
245 1 3 |a La tecnología nuclear en la técnica espacial /  |c A. Romay Torroba. 
264 4 |a Madrid, España :  |b Luna,  |c 2000, c2000 
300 |a 263 p. 
336 |a texto  |b txt  |2 rdacontenido 
337 |a sin mediación  |b n  |2 rdamedio 
338 |a volumen  |b nc  |2 rdasoporte 
520 |a Obra en la que se estudia la posibilidad del uso de la energía nuclear en la navegación espacial. Contenido: 1) La máquina de impulsión; 2) El sistema automático de corrección del rumbo; 3) El módulo generador de la energía; 5) Cálculo de la masa de combustible consumido; 6) Maniobra de puesta en órbita de la nave espacial alrededor de la tierra. 
649 |a XX 
650 |a Propulsión Nuclear -  |x Tema Principal 
650 |a Propulsión de Naves Espaciales -  |x Tema Principal 
650 |a Cohetes Nucleares 
650 |a Cohetes (Aeronáutica) 
650 |a Navegación Espacial 
650 |a Astronáutica 
910 |a Fondo General 
920 |a Impresos - Libros 
930 |a Colección General 
905 |a 101 
901 |a 0500141133  |b IT1  |c ACC  |u 20250521 
902 |a https://opac.biblio.iteso.mx/vufind/Record/000195223